Omelie sul vangelo della domenica: fatte al popolo secondo i bisogni del tempo e discorsi morali da recitarsi nelle solennita e nelle feste di precetto

Gorde:
Xehetasun bibliografikoak
Egile nagusia: Botti, Arístide (Egilea)
Formatua: Liburua
Hizkuntza:gaztelania
Argitaratua: Bolonia Pontificia Mareggiani 1902
Edizioa:8a. ed
Gaiak:
Etiketak: Etiketa erantsi
Etiketarik gabe, Izan zaitez lehena erregistro honi etiketa jartzen!

MARC

LEADER 00000cam a2200000 a 4500
001 UCE9899
003 CL-VaPUC
008 151106e19020000it |||||||||||||||||spa|d
082 0 4 |a 281  |b BOT  |2 21 
100 0 |a Botti, Arístide  |e author  |9 582869 
245 1 0 |a Omelie sul vangelo della domenica: fatte al popolo secondo i bisogni del tempo e discorsi morali da recitarsi nelle solennita e nelle feste di precetto 
250 |a 8a. ed 
300 |a 815 p 
942 |c BK 
945 |d 20151106 14:16:00  |a gsalatino 
260 |a Bolonia  |b Pontificia Mareggiani  |c 1902 
650 0 |a Homilías  |9 366132 
650 0 |a Teología   |9 258766 
650 0 |a Cristología   |9 315091 
650 0 |a Iglesia   |9 255004 
650 7 |a DOMINICAS  |2 CL-VaPUC  |9 399962 
583 |a last modification  |c 20151106 14:16:00  |k Rodrigo Vera 
999 |c 361542  |d 361540 
952 |0 0  |1 0  |3 erd  |4 0  |6 281_000000000000000_BOT_1902  |7 0  |8 P  |9 472125  |a BIBTEO  |b BIBTES  |c TEO_FTES  |i 5209234  |o 281 BOT 1902  |p 5209234  |r 2024-01-18  |w 2019-11-24  |y BK  |z Catalogado en:20151106  |k ICR